| 000 | 00948naa a22002537a 4500 | ||
|---|---|---|---|
| 001 | BR9403067 | ||
| 003 | BR-BrBNA | ||
| 005 | 20250721155457.0 | ||
| 007 | ta | ||
| 008 | 250630b bl.|||m| |||| 00| 0 por d | ||
| 040 |
_aBR-BrBNA _bpor _cBiblioteca Nacional de Agricultura |
||
| 041 | _a(Pt) | ||
| 072 | _aF70 | ||
| 090 | _aF70 BR9403067 | ||
| 100 | 1 | _aSecco, R. de S. | |
| 245 | 1 | _aNotas sobre as lianas do genero Croton L. (Euphorbiaceae) | |
| 500 | _aBoletim do Museu Paraense Emilio Goeldi, botanica Belem, PA (Brasil): 1992. p. 265-281 [Summaries (En, Pt); 45 ref.] (BR9403067-AMS) | ||
| 773 | 0 |
_tBoletim do Museu Paraense Emilio Goeldi, botanica _wF70 BR9403067 _gBelem, PA (Brasil), 1992. p. 265-281 |
|
| 650 | _aTaxonomia Vegetal | ||
| 650 | _aEuphorbiaceae | ||
| 490 |
_aBoletim - Museu Paraense Emilio Goeldi. Serie Botanica (Brazil) _vv. 8(2) _xISSN 0077-2216 |
||
| 942 |
_cAMS _2AGRIS |
||
| 909 |
_a202506 _bLúcia _c55 _dLúcia Elande |
||
| 999 |
_c336720 _d336720 |
||